Friday and 13: A Love Story Quiz Stats

 Plays Quiz Updated Oct 18, 2018

Score 0/18 Timer 07:00
14 Plays Today
Hint Answer % Correct
The NASA mission that famously failed to land on the MoonApollo 13
93.4%
Jason Voorhees slasher film franchise Friday the 13th
87.6%
Delaware, Pennsylvania, New Jersey, and Connecticut are part of theseThirteen Colonies
83.9%
Beginning of the traditional (U.S.) Christmas shopping seasonBlack Friday
83.6%
U.S. based casual dining chainT. G. I. Fridays
81.5%
1976 Jodie Foster movie (later remade with Lindsay Lohan)Freaky Friday
81.4%
A day in which you can wear your Hawaiian shirt in the officeCasual Friday
80.6%
Constitutional alteration to abolish slavery13th Amendment
77.7%
Christian holiday that commemorates the crucifixion and death of Jesus ChristGood Friday
74.6%
Hint Answer % Correct
1999 thriller or what is missing from many skyscrapersThirteenth Floor
71.5%
Movie rating adopted from a suggestion by Steven SpielbergPG-13
68.1%
2004 Jennifer Garner romantic comedy film13 Going on 30
60%
NBC TV Series with Kyle ChandlerFriday Night Lights
41.8%
Jack Webb's character on DragnetJoe Friday
30.7%
1992 single from The CureFriday, I'm in Love
24.6%
1960 horror film remade by Steve Beck in 2001Thirteen Ghosts
20.3%
2000 historical film with Kevin CostnerThirteen Days
14.8%
1940 Cary Grant comedyHis Girl Friday
14.4%

You're not logged in!

Compare scores with friends on all Sporcle quizzes.
OR
Log In

Sporcle TV

Today on Sporcle TV


Watch our educational content, quiz creation guides, and fun videos on Sporcle TV.

Show Comments

Extras

Top Quizzes Today


Score Distribution

Your Account Isn't Verified!

In order to create a playlist on Sporcle, you need to verify the email address you used during registration. Go to your Sporcle Settings to finish the process.

Report this User

Report this user for behavior that violates our Community Guidelines.

Details: